<?xml version="1.0" encoding="UTF-8"?>
<collection xmlns="http://www.loc.gov/MARC21/slim">
 <record>
  <leader>01736cam a2200361 c 4500</leader>
  <controlfield tag="001">1111143641</controlfield>
  <controlfield tag="003">DE-627</controlfield>
  <controlfield tag="005">20260313105012.0</controlfield>
  <controlfield tag="007">tu</controlfield>
  <controlfield tag="008">940922s1953    xx |||||      00| ||ger c</controlfield>
  <datafield tag="035" ind1=" " ind2=" ">
   <subfield code="a">(DE-627)1111143641</subfield>
  </datafield>
  <datafield tag="035" ind1=" " ind2=" ">
   <subfield code="a">(DE-576)041143647</subfield>
  </datafield>
  <datafield tag="035" ind1=" " ind2=" ">
   <subfield code="a">(DE-599)BSZ041143647</subfield>
  </datafield>
  <datafield tag="035" ind1=" " ind2=" ">
   <subfield code="a">(OCoLC)311738574</subfield>
  </datafield>
  <datafield tag="040" ind1=" " ind2=" ">
   <subfield code="a">DE-627</subfield>
   <subfield code="b">ger</subfield>
   <subfield code="c">DE-627</subfield>
   <subfield code="e">rakwb</subfield>
  </datafield>
  <datafield tag="041" ind1=" " ind2=" ">
   <subfield code="a">ger</subfield>
  </datafield>
  <datafield tag="084" ind1=" " ind2=" ">
   <subfield code="a">9,10</subfield>
   <subfield code="2">ssgn</subfield>
  </datafield>
  <datafield tag="084" ind1=" " ind2=" ">
   <subfield code="a">LN 26300</subfield>
   <subfield code="2">rvk</subfield>
   <subfield code="0">(DE-625)rvk/101968:</subfield>
  </datafield>
  <datafield tag="100" ind1="1" ind2=" ">
   <subfield code="a">Willemsen, Carl Arnold</subfield>
   <subfield code="d">1902-1986</subfield>
   <subfield code="0">(DE-588)118838903</subfield>
   <subfield code="0">(DE-627)133773248</subfield>
   <subfield code="0">(DE-576)163574243</subfield>
   <subfield code="4">aut</subfield>
  </datafield>
  <datafield tag="245" ind1="1" ind2="0">
   <subfield code="a">Kaiser Friedrichs II. Triumphtor zu Capua</subfield>
   <subfield code="b">ein Denkmal hohenstaufischer Kunst in Süditalien</subfield>
   <subfield code="c">Carl A. Willemsen</subfield>
  </datafield>
  <datafield tag="246" ind1="3" ind2="0">
   <subfield code="a">Triumphator</subfield>
  </datafield>
  <datafield tag="264" ind1=" " ind2="1">
   <subfield code="a">Wiesbaden</subfield>
   <subfield code="b">Insel-Verl.</subfield>
   <subfield code="c">1953</subfield>
  </datafield>
  <datafield tag="300" ind1=" " ind2=" ">
   <subfield code="a">210, [82] S.</subfield>
   <subfield code="b">zahlr. Ill., graph. Darst.</subfield>
  </datafield>
  <datafield tag="336" ind1=" " ind2=" ">
   <subfield code="a">Text</subfield>
   <subfield code="b">txt</subfield>
   <subfield code="2">rdacontent</subfield>
  </datafield>
  <datafield tag="337" ind1=" " ind2=" ">
   <subfield code="a">ohne Hilfsmittel zu benutzen</subfield>
   <subfield code="b">n</subfield>
   <subfield code="2">rdamedia</subfield>
  </datafield>
  <datafield tag="338" ind1=" " ind2=" ">
   <subfield code="a">Band</subfield>
   <subfield code="b">nc</subfield>
   <subfield code="2">rdacarrier</subfield>
  </datafield>
  <datafield tag="361" ind1="1" ind2=" ">
   <subfield code="a">Zahlten, Johannes</subfield>
   <subfield code="f">Signatur</subfield>
   <subfield code="5">DE-Hil6</subfield>
   <subfield code="y">3723380492</subfield>
   <subfield code="s">1 E c 5731</subfield>
   <subfield code="o">Vorbesitz</subfield>
   <subfield code="0">(DE-588)129404969</subfield>
   <subfield code="0">(DE-627)394713648</subfield>
   <subfield code="0">(DE-576)216465532</subfield>
   <subfield code="z">&quot;Johannes Zahlten 71&quot;</subfield>
  </datafield>
  <datafield tag="583" ind1="1" ind2=" ">
   <subfield code="a">Archivierung/Langzeitarchivierung gewährleistet</subfield>
   <subfield code="f">SSG</subfield>
   <subfield code="x">XA-DE-BW</subfield>
   <subfield code="2">pdager</subfield>
   <subfield code="5">DE-16</subfield>
  </datafield>
  <datafield tag="787" ind1="0" ind2="8">
   <subfield code="i">Rezensiert in</subfield>
   <subfield code="a">Wentzel, Hans, 1913 - 1975</subfield>
   <subfield code="t">[Rezension von: Carl A. Willemsen, Kaiser Friedrichs II. Triumphtor zu Capua]</subfield>
   <subfield code="d">Nürnberg : Carl, 1954</subfield>
   <subfield code="w">(DE-627)1821193709</subfield>
  </datafield>
  <datafield tag="936" ind1="r" ind2="v">
   <subfield code="a">LN 26300</subfield>
   <subfield code="b">Capua</subfield>
   <subfield code="k">Kunstgeschichte</subfield>
   <subfield code="k">Kunst nach Ländern bzw. Kontinenten</subfield>
   <subfield code="k">Italien</subfield>
   <subfield code="k">Kunsttopografie Italiens</subfield>
   <subfield code="k">Alphabetische Liste der italienischen Orte</subfield>
   <subfield code="k">Orte C</subfield>
   <subfield code="k">Capua</subfield>
   <subfield code="0">(DE-627)1271307863</subfield>
   <subfield code="0">(DE-625)rvk/101968:</subfield>
   <subfield code="0">(DE-576)201307863</subfield>
  </datafield>
  <datafield tag="951" ind1=" " ind2=" ">
   <subfield code="a">BO</subfield>
  </datafield>
  <datafield tag="991" ind1=" " ind2=" ">
   <subfield code="a">Rezensiertes Werk</subfield>
  </datafield>
  <datafield tag="999" ind1=" " ind2=" ">
   <subfield code="a">KXP-PPN1111143641</subfield>
   <subfield code="e">4277332277</subfield>
  </datafield>
 </record>
</collection>
